| Tag |
First Indicator |
Second Indicator |
Subfields |
| LEADER |
00000cam a2200000 4500 |
| 001 |
in00000042432 |
| 005 |
20151007072719.0 |
| 008 |
800606m18471848enka 00010 eng |
| 010 |
|
|
|a 06029460
|
| 035 |
|
|
|a (OCoLC)06395904
|
| 035 |
|
|
|9 AAE8421AM
|
| 040 |
|
|
|a DLC
|c TXA
|d UtOrBLW
|
| 049 |
|
|
|a TXAS [rare]
|v 1
|
| 050 |
|
0 |
|a QL259
|b .D15
|
| 092 |
|
|
|a 591.941
|b D153r
|
| 100 |
1 |
|
|a Dalyell, John Graham,
|c Sir, 6th bart.,
|d 1775-1851.
|
| 245 |
1 |
0 |
|a Rare and remarkable animals of Scotland :
|b represented from living subjects, with practical observations on their nature /
|c by Sir John Graham Dalyell.
|
| 264 |
|
1 |
|a London :
|b J. Van Voorst,
|c 1847-1848.
|
| 300 |
|
|
|a 2 volumes :
|b color illustrations ;
|c 28 cm.
|
| 336 |
|
|
|a text
|b txt
|2 rdacontent
|
| 337 |
|
|
|a unmediated
|b n
|2 rdamedia
|
| 338 |
|
|
|a volume
|b nc
|2 rdacarrier
|
| 650 |
|
0 |
|a Zoology
|z Scotland.
|
| 650 |
|
0 |
|a Zoology
|v Pictorial works.
|
| 999 |
|
|
|a MARS
|
| 999 |
f |
f |
|s 957c9e0f-bad4-38dc-a149-9986741ab044
|i b1319270-4099-359b-a51f-ef23642aadf6
|t 0
|
| 952 |
f |
f |
|p noncirc
|a Texas A&M University
|b College Station
|c Cushing Memorial Library & Archives
|d Cushing: Rare Books (Does not check out)
|t 0
|e QL259 .D15
|h Library of Congress classification
|i unmediated -- volume
|
| 998 |
f |
f |
|a QL259 .D15
|s v
|t 0
|l Cushing: Rare Books (Does not check out)
|